000 00642cam a22002052 4500
001 0000023311
005 20151217155233.0
008 121109s xx 000 0 eng d
020 _a0071221481 :
040 _aKABU
_cKABU
100 1 _aFeldman, Robert S.
_q(Robert Stephen),
_d1947-.
_@0000083710
245 1 0 _aEssentials of understanding psychology /
_cRobert S. Feldman.
250 _a9th ed.
260 _aNew York :
_bMcGraw-Hill,
_c2011.
300 _a1 v. (various pagings)
650 0 _aPsychology
_vTextbooks.
_@0000148056
852 1 _9p3604 KES
908 _a121109
950 _@1
999 _c12188
_d12188